Fundamentals of real estate investment

Bibliographic Details
Main Author: Jaffe, Austin J.
Other Authors: Sirmans, C. F.
Format: Book
Published: Australia : South-Western , 2001
Edition:3rd ed.
Subjects:

MARC

LEADER 00000cam a2200000 7i4500
001 0000022928
005 20101130.0
020 |a 0324139926 
040 |a INS 
090 0 0 |a HD1382.5.   |b J32 2001 
100 1 |a Jaffe, Austin J. 
245 1 0 |a Fundamentals of real estate investment   |c Austin J. Jaffe, C. F. Sirmans 
250 |a 3rd ed. 
260 |a Australia :   |b South-Western ,   |c 2001 
300 |a 518p. ;   |c 24cm. 
650 0 0 |a Real estate investment 
700 1 |a Sirmans, C. F. 
999 |a 0000021684   |b BOOK   |c Open Shelf   |e Default branch